Theory and reality in financial economics: essays toward a new political finance

Wedi'i Gadw mewn:
Manylion Llyfryddiaeth
Prif Awdur: Frankfurter, George M (Awdur)
Fformat: Llyfr
Iaith:Saesneg
Cyhoeddwyd: Hackensack World Scientific 2007
Pynciau:
Tagiau: Ychwanegu Tag
Dim Tagiau, Byddwch y cyntaf i dagio'r cofnod hwn!

MARC

LEADER 00000nam a2200000 a 4500
001 UCH0608
003 CL-VaPUC
008 090320e20070000US |||||||||||||||||eng|d
020 |a 9789812707918 
082 0 4 |a 332.01  |b FRA  |2 21 
100 0 |a Frankfurter, George M  |e author  |9 534852 
245 1 0 |a Theory and reality in financial economics: essays toward a new political finance 
300 |a 215 p 
942 |c BK 
945 |d 20090320 00:00:00  |a rbrito 
260 |a Hackensack  |b World Scientific  |c 2007 
650 7 |a FINANZA  |2 CL-VaPUC  |9 534853 
650 0 |a Economía   |9 255568 
650 0 |a Teoría económica  |9 315055 
583 |a last modification  |c 20130401 06:47:07  |k Rodrigo Vera 
999 |c 332890  |d 332888 
952 |0 0  |1 0  |4 0  |6 332_010000000000000_FRA_2007  |7 0  |8 A  |9 420939  |a BIBGIM  |b BIBGIM  |d 2019-11-22  |i 452084K  |o 332.01 FRA 2007  |p 452084K  |r 2025-01-15  |w 2019-11-22  |y BK  |k COM